| 000 | 00577nam a2200169Ia 4500 | ||
|---|---|---|---|
| 008 | 140529s9999 xx 000 0 und d | ||
| 020 | _a9789715849166 | ||
| 050 |
_aRS 164 _b.R865 2009 |
||
| 100 | _aRummel, Dietmar J. | ||
| 245 |
_aDeskbook : _bPhilippine medicinal plants inprimary health care (Volume I) / _cDietmar J. Rummel |
||
| 260 |
_aQuezon City, Philippines : _bC&E Publishing, Inc., _cc2009. |
||
| 300 |
_a565 p. : _bcol. ill. ; _c26 cm. |
||
| 500 | _aIncludes glossary and bibliographical references. | ||
| 521 | _aGE | ||
| 942 |
_kLOC _cBK |
||
| 999 |
_c117681 _d117681 |
||